[Event "Cattolica Primavera op"]
[Site "Cattolica"]
[Date "2022.03.19"]
[Round "7"]
[White "Dahale, Atul"]
[Black "Hess, Max"]
[Result "1/2-1/2"]
[WhiteElo "2148"]
[BlackElo "2392"]
[PlyCount "165"]
[EventDate "2022.03.16"]
[EventType "swiss"]
[EventRounds "9"]
[EventCountry "ITA"]
[SourceTitle "CBM 207 Extra"]
[Source "ChessBase"]
[SourceDate "2022.05.31"]
[SourceVersion "1"]
[SourceVersionDate "2022.05.31"]
[SourceQuality "1"]

1. d4 d5 2. c4 e6 3. Nc3 Nf6 4. cxd5 exd5 5. Bg5 Be7 6. Qc2 h6 7. Bf4 c6 8. e3 Nh5 9. Nf3 0-0 10. Be2 Nxf4 11. exf4 b6 12. 0-0 Bb7 13. Rfd1 Nd7 14. Ne5 Nf6 15. Bf3 Rc8 16. Qd2 Qd6 17. a3 Rfd8 18. b4 c5 19. bxc5 bxc5 20. a4 a6 21. Rab1 Ba8 22. a5 cxd4 23. Qxd4 Qa3 24. Na4 Ne4 25. Ra1 Qb3 26. Rab1 Qc2 27. Rb2 Qc7 28. Nb6 Bc5 29. Qd3 Rb8 30. Rc2 Qe7 31. Nxa8 Nxf2 32. Rxf2 Rb2 33. Rdd2 Bxf2+ 34. Kxf2 Qh4+ 35. Kf1 Qxf4 36. Rxb2 Qc1+ 37. Qd1 Qxb2 38. Nd3 Qb5 39. Nb6 Qxa5 40. Na4 Rc8 41. Nac5 Rxc5 42. Nxc5 Qxc5 43. Qxd5 Qc1+ 44. Kf2 Qb2+ 45. Kg3 Qb8+ 46. Kh3 Qc8+ 47. Bg4 Qc3+ 48. Qf3 Qa1 49. Bc8 a5 50. Bb7 Qc1 51. Bd5 Qc8+ 52. g4 Qd7 53. Kg2 a4 54. h3 a3 55. Qb3 Qe7 56. Kf3 Qf6+ 57. Ke4 Qe7+ 58. Kd4 Qa7+ 59. Kc3 Qe3+ 60. Kb4 Qe7+ 61. Kc3 Qe3+ 62. Kc2 Qe7 63. Kb1 h5 64. gxh5 Qe1+ 65. Ka2 Qe7 66. Qc4 Qd7 67. h4 Qe7 68. Be4 Qe6 69. Qxe6 fxe6 70. Kxa3 e5 71. Kb4 Kh8 72. Kc5 Kg8 73. Kd6 Kh8 74. Kxe5 Kg8 75. Ke6 Kh8 76. Kf5 Kh7 77. Kg5+ Kh8 78. Kg6 Kg8 79. Bd5+ Kh8 80. Kf7 Kh7 81. Kf8 Kh8 82. Be4 g5 83. hxg6 1/2-1/2